000 00785nam a2200205 a 4500
003 0
005 20250423080820.0
008 060724s19uu xx 00 eng d
050 _aPHS QK 861
_b.B36 2006
100 _aBang, Sun Joo.
245 _aUse of essential substances in Caryophyllus aromaticus (clove) and Psidium guajava (guava) in inhibiting microbial growth /
_cSun Joo Bang.
260 _aLas PiƱas City, Philippines :
_bSouthville International School and Colleges,
_c2006.
300 _a29 pages :
_billustrations ;
_c28 cm.
504 _aIncludes bibliographical references.
650 _aPlant extracts
_xPharmacological properties.
650 _aClove
_xTherapeutic use.
650 _aGuava
_xTherapeutic use.
650 _aMicrobial inhibition.
942 _2lcc
_cPASS
999 _c97573
_d97573